| 000 | 00516nam a22001817a 4500 | ||
|---|---|---|---|
| 003 | CEME | ||
| 005 | 20210628202010.0 | ||
| 008 | 210223b xxu||||| |||| 00| 0 eng d | ||
| 020 | _a81-7648-287-0 | ||
| 040 | _c. | ||
| 082 | _a004.03 ENC | ||
| 100 |
_aKhurana, Rohit _957803 |
||
| 245 | _aEncyclopaedia of computer science, vol-4 | ||
| 260 |
_aNEW DELHI _bA.P.H PUBLISHER _c2002 |
||
| 300 | _aIV,169P | ||
| 650 |
_aEXPLORING C LEARNING C UNDERSTANDING C C PROGRAMMING PROGRAMMING IN C _957804 |
||
| 942 |
_cBK _2ddc |
||
| 999 |
_c568057 _d568057 |
||